Asoka 2300 : (Record no. 242000)

MARC details
000 -LEADER
fixed length control field 01304nam#a2200349#a 4500
001 - CONTROL NUMBER
control field vtls000285763
003 - CONTROL NUMBER IDENTIFIER
control field NLI
005 - DATE AND TIME OF LATEST TRANSACTION
control field 20210602125526.0
008 - FIXED-LENGTH DATA ELEMENTS--GENERAL INFORMATION
fixed length control field 101203s1997 ii ab 001 0beng
020 ## - INTERNATIONAL STANDARD BOOK NUMBER
International Standard Book Number 8186551115 :
Terms of availability Rs. 250.00
039 #9 - LEVEL OF BIBLIOGRAPHIC CONTROL AND CODING DETAIL [OBSOLETE]
-- 201012031855
-- VLOAD
040 0# - CATALOGING SOURCE
Original cataloging agency NLI
Language of cataloging eng
Transcribing agency Entertech-FY 2010
Description conventions AACR2
041 0# - LANGUAGE CODE
Language code of text/sound track or separate title engben
044 ## - COUNTRY OF PUBLISHING/PRODUCING ENTITY CODE
MARC country code ii
082 04 - DEWEY DECIMAL CLASSIFICATION NUMBER
Classification number 954
245 00 - TITLE STATEMENT
Title Asoka 2300 :
Remainder of title Jagajjyoti, Asoka commemoration volume, 1997 A.D./2541 B.E /
Statement of responsibility, etc. edited by Hemendu Bikash Chowdhury
260 ## - PUBLICATION, DISTRIBUTION, ETC.
Place of publication, distribution, etc. Calcutta :
Name of publisher, distributor, etc. Bauddha Dharmankur Sabha,
Date of publication, distribution, etc. 1997
300 ## - PHYSICAL DESCRIPTION
Extent 207 p. :
Other physical details ill., maps ;
Dimensions 24 cm.
500 ## - GENERAL NOTE
General note Text in English and Bengali
504 ## - BIBLIOGRAPHY, ETC. NOTE
Bibliography, etc. note Includes bibliographical references and index
600 00 - SUBJECT ADDED ENTRY--PERSONAL NAME
Personal name Asoka,
Titles and other words associated with a name King of Magadha,
Dates associated with a name fl. 259 B.C
9 (RLIN) 270590
651 #0 - SUBJECT ADDED ENTRY--GEOGRAPHIC NAME
Geographic name India
General subdivision Kings and rulers
-- Biography
9 (RLIN) 202229
651 #0 - SUBJECT ADDED ENTRY--GEOGRAPHIC NAME
Geographic name India
General subdivision History
Chronological subdivision Maurya dynasty, ca. 322 B.C.-ca. 185 B.C
9 (RLIN) 420270
700 1# - ADDED ENTRY--PERSONAL NAME
Personal name Chowdhury, Hemendu Bikash,
Relationship edt
9 (RLIN) 437488
730 02 - ADDED ENTRY--UNIFORM TITLE
Uniform title Jagajjyoti.
9 (RLIN) 437489
887 ## - NON-MARC INFORMATION FIELD
Content of non-MARC field
901 ## - LOCAL DATA ELEMENT A, LDA (RLIN)
a DB72621
b 12.3.1998
902 ## - LOCAL DATA ELEMENT B, LDB (RLIN)
a E 954 As 57 c
949 ## - LOCAL PROCESSING INFORMATION (OCLC)
-- VIRTUAITEM
-- 10000
-- 100
6 DBA000072621ENG
942 ## - ADDED ENTRY ELEMENTS (KOHA)
Source of classification or shelving scheme Dewey Decimal Classification
Koha item type Books
Holdings
Withdrawn status Lost status Damaged status Not for loan Collection code Home library Current library Shelving location Date acquired Total Checkouts Full call number Barcode Date last seen Price effective from Koha item type
        New English National Library of India National Library of India New English - Main Stack Division     E 954 As 57 c DBA000072621ENG 02/06/2021 02/06/2021 Books
                                                                           
web counter

Copyright ©2020 The National Library of India, Govt. of India ↔ Hosted by NVLI, MOC ↔ Technology and Design by National Library of India, Ministry of Culture, Govt. of India